000 00707nam a2200169Ia 4500
008 100122s9999 xx 000 0 und d
082 _b76797
_aBM823
100 _aनवरे शं ना
245 _aजादूचा मुकुट/ जादूचा किल्ला/ जादूचे स्वप्न
250 _a1
260 _c2000
300 _a96
630 _aजादूचा मुकुट/ जादूचा किल्ला/ जादूचे स्वप्न
700 _aमहाजन जगन्नाथ भ.
730 _aजादूचा मुकुट/ जादूचा किल्ला/ जादूचे स्वप्न
942 _cBOOK
999 _c393607
_d393604